| 000 | 01309pam a2200385 i 4500 | ||
|---|---|---|---|
| 001 | vtls000948343 | ||
| 003 | PNM | ||
| 005 | 20220912105659.0 | ||
| 008 | 220110t20222022my e 000 0 eng | ||
| 015 | _aM22-04450 | ||
| 020 |
_a9789674817688 _qpaperback _cRM40.00 |
||
| 039 | 9 |
_a202209081213 _bsham _c202206300909 _dmiza_h _c202206300904 _dmiza_h _c202204011031 _dain |
|
| 040 |
_aBNM _beng _cBNM _erda _dPPAK |
||
| 049 | _amal | ||
| 082 | 0 | 4 |
_a153.42 _223 |
| 090 | 0 | 0 |
_a153.42 _bDOB _dG |
| 100 | 1 |
_aDobelli, Rolf, _d1966- _eauthor. |
|
| 245 | 1 | 4 |
_aTHE ART OF ꓨNIꓘNIHꓕ CLEARLY / _cROLF DOBELLI ; Penterjemah: Norliza Abu Bakar ; Editor Senior: Norashikin Wahid ; Suntingan: Norhayati Mat Nor |
| 246 | 3 | 0 | _aArt of thinking clearly |
| 250 | _aEDISI BAHASA MELAYU | ||
| 264 | 1 |
_aBatu Caves, Selangor : _bPTS Publishing House Sdn. Bhd., _c2022 |
|
| 264 | 4 | _c©2022 | |
| 300 |
_axxv, 398 pages ; _c23 cm. |
||
| 336 |
_atext _2rdacontent |
||
| 337 |
_aunmediated _2rdamedia |
||
| 338 |
_avolume _2rdacarrier |
||
| 650 | 1 | 0 | _aReasoning (Psychology) |
| 650 | 2 | 0 |
_aErrors _xPsychological aspects |
| 650 | 2 | 0 | _aDecision making |
| 650 | 2 | 0 | _aCognition |
| 700 | 0 |
_aNorliza Abu Bakar, _etranslator. |
|
| 700 | 0 |
_aNorashikin Wahid, _eeditor. |
|
| 700 | 0 |
_aNorhayati Mat Nor, _eeditor. |
|
| 942 |
_2ddc _cB |
||
| 999 |
_c189011 _d189011 |
||